Embriología medica : (Registro nro. 29599)

Detalles MARC
000 -CABECERA
Longitud fija campo de control 00884nam a2200217 a 4500
003 - • IDENTIFICADOR DELl NÚMERO DE CONTROL
Identificador del número de control CO-ViMGA
008 - • CÓDIGOS DE INFORMACIÓN DE LONGITUD FIJA
Códigos de información de longitud fija 141112s2004 ck r 000 u spa d
020 ## - • NÚMERO INTERNACIONAL NORMALIZADO PARA LIBROS
Número Internacional Normalizado para Libros (ISBN) 9500613670
040 ## - FUENTE DE LA CATALOGACIÓN
Centro catalogador de origen CO-ViMGA
Lengua de catalogación spa
Centro transcriptor CO-ViMGA
082 04 - • NÚMERO DE LA CLASIFICACIÓN DECIMAL DEWEY
Número de clasificación (R) 612.64 S135 8ed.
100 1# - • PUNTO DE ACCESO PRINCIPAL-NOMBRE DE PERSONA
Nombre de persona Sadler, T.W.; Langman, Jan
245 10 - • TITULO PROPIAMENTE DICHO
Título Embriología medica :
Resto del título Con orientación clínica
250 ## - • MENCIÓN DE EDICIÓN
Mención de edición 8
300 ## - • DESCRIPCIÓN FÍSICA
Extensión 482p
505 ## - • NOTA DE CONTENIDO CON FORMATO
Nota de contenido con formato Embriología general gametogenesis : conversión de las celulas germinales en gametos masculinos y femeninos 3 - - Embriología especial Sistema tegumentario, sistema nervioso central 392
590 ## - NOTAS LOCALES
Nota local Forma de adquisición : Compra fact.0531 - - Precio : 105000 - - Proveedor : Temas y libros - - Fecha de adquisición : abril 2006
650 14 - • PUNTO DE ACCESO ADICIONAL DE MATERIA - TÉRMINO DE MATERIA
Término de materia o nombre geográfico como elemento inicial EMBRIOLOGÍA MeDICA
942 ## - ENTRADA DE ELEMENTOS AGREGADOS (KOHA)
Fuente de clasificaión o esquema Dewey Decimal Classification
Koha [por defecto] tipo de item LIbro
Existencias
Perdido Fuente de clasificación o esquema Estado Físico No para préstamo Forma de adquisición Localización permanente Localización actual Fecha adquisición Serie de enumeración / cronolog&íacute;a Préstamos totales Signatura completa Código de barras Fecha última consulta Número de copia Fecha del precio de reemplazo Tipo de item de Koha
  Dewey Decimal Classification     Sala Especializada Tercer Piso Biblioteca Pública Germán Arciniegas - Villavicencio Biblioteca Pública Germán Arciniegas - Villavicencio 12/04/2015 Volumen. 1 | 11/jun/2009   612.64 S135 8ed. 20606 07/09/2018 Ej. 1 12/04/2015 LIbro









Instituto Departamental de Cultura del Meta - Red Departamental de Bibliotecas Públicas del Meta.